000 00633nam a22002177a 4500
005 20251108172841.0
008 250721s2003 xx 000 0 ara d
082 1 4 _a371.33/حيل
100 1 _aالحيلة، محمد محمود
245 1 0 _aالصوت و الضوء /
264 _bدار المسيرة للنشر،
_c2003.
300 _a112 ص
490 0 _aسلسلة المستنبطات العلمية
_v4 الجزء الرابع
650 1 7 _aالتعلم
650 1 7 _aالتجارب
650 1 7 _aالفيزياء
650 1 7 _aالضوء
650 1 7 _aالصوتيات
942 _2ddc
_cBK
999 _c90016
_d90016